000 00452nam a2200169Ia 4500
001 22769
005 20260414150853.0
008 260414t2004||||xx |||||||||||||| ||spa||
041 _aESP
082 _a621.55
_bT17
100 _aTalledo Coronado, Arturo Fernando
_eAUT
245 0 _aTecnología de alto vacío :
_bherramienta básica para el desarrollo industrial
260 _c2004
650 _aTCA
654 _aCET
942 _cLIB
_dJUS
_fJUS
_2ddc
_n
999 _c22769
_d22769